000 00637nam a2200277Ia 4500
005 20260324150416.0
008 008 260324s9999 xx 000 0 eng d
020 _a9781003454786
037 _aEBOOK
040 _aCRL
040 _beng
040 _cCRL
041 _2eng
041 _aeng
084 _qCRL
100 _aJ. H. Price
_91226317
245 0 _aPolitical Institutions of West Africa
260 _bTaylor and Francis
260 _c1967
365 _a
365 _b145
856 _uhttp://www.taylorfrancis.com/books/9781003454786
942 _cEBOOK
999 _c1835714
_d1835714